structural equation modeling with EQS and EQS/Windows (Record no. 11142)

000 -LEADER
fixed length control field 00298nam a22001217a 4500
040 ## - CATALOGING SOURCE
Transcribing agency SY
082 ## - DEWEY DECIMAL CLASSIFICATION NUMBER
Classification number 519 BAR 1994 C176
100 ## - MAIN ENTRY--AUTHOR NAME
Personal name Barbara M. Byrne
245 ## - TITLE STATEMENT
Title structural equation modeling with EQS and EQS/Windows
260 ## - PUBLICATION, DISTRIBUTION, ETC. (IMPRINT)
Place of publication America
Name of publisher Barbara M. Byrne
Year of publication 1994
300 ## - PHYSICAL DESCRIPTION
Number of Pages 287
942 ## - ADDED ENTRY ELEMENTS (KOHA)
Koha item type សៀវភៅភាសាអង់គ្លេស
952 ## - LOCATION AND ITEM INFORMATION (KOHA)
Withdrawn status [LOCAL, KOHA] 0
Holdings
Permanent Location Date acquired Koha item type Lost status Shelving location Barcode Current Location Full call number
Library Block C2017-02-17សៀវភៅភាសាអង់គ្លេស C176A05939Library Block C519 BAR 1994 C176
មជ្ឈមណ្ឌលឯការនៃសាកលវិទ្យាល័យភូមិន្ទកសិកម្មចំការដូង

Powered by Koha